00774cam a2200193 i 4500082002600000100003000026245009700056250001200153260010200165300004000267490004900307500002000356526003700376650001300413650002700426942001200453999001900465952009600484 a515.63bWEAcL-4, P-21 aWeatherburn, C. E.93930710aAdvanced vector analysis :bwith application to mathematical physics /cby C.E. Weatherburn. aRevised aLondon :bG. Bell,c1949 ;aLaSalle, Ill. :bReprinted in U.S.A. [by] Open Court Pub. Co.,c1948. axiv, [ii], 222 p. :bill. ;c22 cm.1 aBell's mathematical series. Advanced section aIncludes index. a0b0c0d515_630000000000000_WEA 0aMCE9379 0aVector analysis.91184 2ddccBK c543828d543828 00102ddc4070aMCEbMCEd2014-04-03l0o515.63 WEApMCE-30100r2014-04-03w2014-04-03yBK